000 00303nam a22001337a 4500
008 180813b xxu||||| |||| 00| 0 eng d
041 _aeng
080 _26 th
_a612.39
082 _a612.39 PHI
100 _a 10
101 _aNUT
245 _aDiseases of metabolism
_cPhilip.K
942 _2udc
_cBK
999 _c47017
_d47017